|
|
|
|
| LEADER |
00000nam0a2200000 4500 |
| 001 |
303618 |
| 005 |
20231102001624.0 |
| 035 |
|
|
|a (RuTPU)RU\TPU\book\328842
|
| 090 |
|
|
|a 303618
|
| 100 |
|
|
|a 20150903d1978 k y0rusy50 ca
|
| 101 |
0 |
|
|a rus
|
| 102 |
|
|
|a RU
|
| 105 |
|
|
|a a z 001zy
|
| 200 |
1 |
|
|a Портативные осциллографы
|f Е. К. Блюдин [и др.]
|
| 210 |
|
|
|a Москва
|c Советское радио
|d 1978
|
| 215 |
|
|
|a 261 с.
|c ил.
|
| 320 |
|
|
|a Библиогр.: с. 254-256.
|
| 320 |
|
|
|a Предметный указатель: с. 257-259.
|
| 606 |
1 |
|
|a Осциллографы портативные
|2 stltpush
|3 (RuTPU)RU\TPU\subj\47615
|9 66537
|
| 610 |
1 |
|
|a структурные схемы
|
| 610 |
1 |
|
|a характеристики
|
| 610 |
1 |
|
|a измерители
|
| 610 |
1 |
|
|a напряжение
|
| 610 |
1 |
|
|a электронно-лучевые трубки
|
| 610 |
1 |
|
|a вертикальное отклонение
|
| 610 |
1 |
|
|a горизонтальное отклонение
|
| 610 |
1 |
|
|a каналы
|
| 610 |
1 |
|
|a питание
|
| 610 |
1 |
|
|a конструирование
|
| 610 |
1 |
|
|a техническое обслуживание
|
| 610 |
1 |
|
|a блоки
|
| 675 |
|
|
|a 621.317.75
|v 3
|
| 701 |
|
1 |
|a Блюдин
|b Е. К.
|g Евгений Константинович
|
| 701 |
|
1 |
|a Боднар
|b З. М.
|g Зиновий Михайлович
|
| 701 |
|
1 |
|a Кравченко
|b К. В.
|g Константин Владимирович
|
| 701 |
|
1 |
|a Полушин
|b В. А.
|g Вадим Андреевич
|
| 701 |
|
1 |
|a Явич
|b А. А.
|g Арон Абрамович
|
| 801 |
|
1 |
|a RU
|b 63413507
|c 20150903
|
| 801 |
|
2 |
|a RU
|b 63413507
|c 20210226
|g RCR
|
| 942 |
|
|
|c BK
|